<?xml version="1.0" encoding="UTF-8"?>
<record
    xmlns:xsi="http://www.w3.org/2001/XMLSchema-instance"
    xsi:schemaLocation="http://www.loc.gov/MARC21/slim http://www.loc.gov/standards/marcxml/schema/MARC21slim.xsd"
    xmlns="http://www.loc.gov/MARC21/slim">

  <leader>02280cam a22003374a 4500</leader>
  <controlfield tag="001">13025189</controlfield>
  <controlfield tag="005">20030929162222.0</controlfield>
  <controlfield tag="008">021209i2003    ja       b  a 001 0 eng  </controlfield>
  <datafield tag="010" ind1=" " ind2=" ">
    <subfield code="a">2002155283</subfield>
  </datafield>
  <datafield tag="020" ind1=" " ind2=" ">
    <subfield code="a">9280810855 (pbk.)</subfield>
  </datafield>
  <datafield tag="040" ind1=" " ind2=" ">
    <subfield code="a">DLC</subfield>
    <subfield code="c">DLC</subfield>
    <subfield code="d">DLC</subfield>
  </datafield>
  <datafield tag="042" ind1=" " ind2=" ">
    <subfield code="a">pcc</subfield>
  </datafield>
  <datafield tag="043" ind1=" " ind2=" ">
    <subfield code="a">aw-----</subfield>
  </datafield>
  <datafield tag="050" ind1="0" ind2="0">
    <subfield code="a">JQ1758.A91</subfield>
    <subfield code="b">D466 2003</subfield>
  </datafield>
  <datafield tag="082" ind1="0" ind2="0">
    <subfield code="a">320.956</subfield>
    <subfield code="2">21</subfield>
    <subfield code="b">DEM</subfield>
  </datafield>
  <datafield tag="245" ind1="0" ind2="0">
    <subfield code="a">Democratization in the Middle East :</subfield>
    <subfield code="b">Experiences, Struggles, Challenges /</subfield>
    <subfield code="c">edited by Amin Saikal and Albrecht Schnabel.</subfield>
  </datafield>
  <datafield tag="260" ind1=" " ind2=" ">
    <subfield code="a">Tokyo :</subfield>
    <subfield code="b">United Nations University Press,</subfield>
    <subfield code="c">c2003.</subfield>
  </datafield>
  <datafield tag="300" ind1=" " ind2=" ">
    <subfield code="a">x, 211 p. ;</subfield>
    <subfield code="c">24 cm.</subfield>
  </datafield>
  <datafield tag="440" ind1=" " ind2="4">
    <subfield code="a">The Changing Nature of Democracy</subfield>
    <subfield code="9">5275</subfield>
  </datafield>
  <datafield tag="504" ind1=" " ind2=" ">
    <subfield code="a">Includes bibliographical references and index.</subfield>
  </datafield>
  <datafield tag="505" ind1="0" ind2=" ">
    <subfield code="a">A rough journey : nascent democratization in the Middle East / Albrecht Schnabel -- Democratic peace, conflict prevention, and the United Nations -- Democratization and peacebuilding / Albrecht Schnabel -- Toward a democratic peace in the Middle East / Etel Solingen -- The United Nations and the Middle East / Amin Saikal -- Secularization and democracy -- Disenchanted worlds : secularization and democratization in the Middle East / Majid Tehranian -- The influence of Islam on attitudes toward democracy in Morocco and Algeria / Mark Tessler -- National and regional experiences -- The democratic process in Syria, Lebanon, and Jordan / Kamel S. Abu Jaber -- "Democratic peace" and the Jewish political tradition / Gerald M. Steinberg -- Democracy and peace in Iran and Iraq / Amin Saikal -- State power and democratization in North Africa : developments in Morocco, Algeria, Tunisia, and Libya / Tom Pierre Najem.</subfield>
  </datafield>
  <datafield tag="650" ind1=" " ind2="0">
    <subfield code="a">Democratization</subfield>
    <subfield code="z">Middle East.</subfield>
    <subfield code="9">5276</subfield>
  </datafield>
  <datafield tag="650" ind1=" " ind2="0">
    <subfield code="a">Democracy</subfield>
    <subfield code="z">Middle East.</subfield>
    <subfield code="9">5277</subfield>
  </datafield>
  <datafield tag="650" ind1=" " ind2="0">
    <subfield code="a">Peace</subfield>
    <subfield code="z">Middle East.</subfield>
    <subfield code="9">5278</subfield>
  </datafield>
  <datafield tag="650" ind1=" " ind2="0">
    <subfield code="a">Secularization</subfield>
    <subfield code="z">Middle East.</subfield>
    <subfield code="9">5279</subfield>
  </datafield>
  <datafield tag="700" ind1="1" ind2=" ">
    <subfield code="a">Saikal, Amin,</subfield>
    <subfield code="d">1950-</subfield>
    <subfield code="9">5280</subfield>
  </datafield>
  <datafield tag="700" ind1="1" ind2=" ">
    <subfield code="a">Schnabel, Albrecht.</subfield>
    <subfield code="9">5281</subfield>
  </datafield>
  <datafield tag="942" ind1=" " ind2=" ">
    <subfield code="2">ddc</subfield>
    <subfield code="c">BB</subfield>
  </datafield>
  <datafield tag="999" ind1=" " ind2=" ">
    <subfield code="c">11635</subfield>
    <subfield code="d">11635</subfield>
  </datafield>
  <datafield tag="952" ind1=" " ind2=" ">
    <subfield code="0">0</subfield>
    <subfield code="1">0</subfield>
    <subfield code="2">ddc</subfield>
    <subfield code="4">0</subfield>
    <subfield code="7">0</subfield>
    <subfield code="8">MERIC</subfield>
    <subfield code="a">MAIN</subfield>
    <subfield code="b">MAIN</subfield>
    <subfield code="c">1ST</subfield>
    <subfield code="d">2009-05-25</subfield>
    <subfield code="e">purchase</subfield>
    <subfield code="g">166.00</subfield>
    <subfield code="h">9083</subfield>
    <subfield code="l">9</subfield>
    <subfield code="m">10</subfield>
    <subfield code="o">320.956 DEM</subfield>
    <subfield code="p">000016143</subfield>
    <subfield code="r">2025-07-15 00:00:00</subfield>
    <subfield code="s">2023-11-26</subfield>
    <subfield code="y">BB</subfield>
  </datafield>
</record>
